Hampshire A-Z - Statistics

General Stats
  • This quiz has been taken 79 times
    9 since last reset
  • The average score is 16 of 26
Answer Stats
Hint Answer % Correct
N National park New Forest
100%
P Largest city after Southampton Portsmouth
100%
W City and county town; the old capital of Wessex Winchester
89%
F Large town near Surrey; associated with aviation Farnborough
78%
J Germanic tribe that settled the Isle of Wight Jutes
78%
L Hampshire Downs are bred for this kind of meat Lamb
78%
O Queen Victoria's summer home Osborne House
78%
S Strait; home to Napoleonic-era forts Solent
78%
U Country where a New Hampshire can be found United States
78%
G Town across the water from P; associated with the Royal Navy Gosport
67%
H Island east of Portsea Island Hayling Island
67%
D TV show filmed at Highclere Castle Downton Abbey
67%
A Author born in Steventon Jane Austen
67%
R Event held annually at Cowes Regatta
67%
C Isle of Wight castle in which Charles I was imprisoned Carisbrooke Castle
56%
I River that flows through W and Southampton Itchen
56%
Q P's main hospital {Queen} {Alexandra} Hospital
56%
V Isle of Wight resort town Ventnor
56%
E Town north of Southampton; a railway hub Eastleigh
44%
K Village near Highclere and Burghclere Kingsclere
44%
M Main river on the Isle of Wight Medina
44%
B Luxury fashion brand founded by a Basingstoke draper Burberry
33%
T River that flows through Stockbridge and Romsey Test
33%
X Bus company that operates a green-liveried fleet around Southampton {Xela}bus
33%
Y Town on the Berkshire border Yateley
33%
Z The last ruler of this former country lived in exile in P Zanzibar
33%
No matching quizzes found
Score Distribution
Percent of People with Each Score
Percentile by Number Answered
Your Score History
You have not taken this quiz since the last reset